[Event "Druzynowe Mistrzostwa Polski Juniorow - Ekstraliga"]
[Site "Osrodek Wczasowo - Szkoleniowy "Relax" ul. Stroma 20, 43-450 Ustron"]
[Date "2011-06-27"]
[Round "4.28"]
[White "Maciejewski, Andrzej"]
[Black "Januszkiewicz, Wojciech"]
[Result "0-1"]
[WhiteTitle "I"]
[BlackTitle "II"]
[WhiteElo "1747"]
[BlackElo "1749"]

1. e4 c5 2. Nc3 Nc6 3. g3 g6 4. Bg2 Bg7 5. d3 Rb8 6. a4 a6 7. f4 d6 8. Be3 e6 9.
Nf3 b5 10. axb5 axb5 11. O-O b4 12. Na4 Nge7 13. Qd2 O-O 14. c3 Na5 15. Qc2 Ba6
16. e5 Nd5 17. Qe2 Nb3 18. Ra2 bxc3 19. bxc3 c4 20. d4 Bb5 21. Ne1 Ra8 22. Nc2
Rxa4 23. Rxa4 Bxa4 24. Qxc4 Nxe3 25. Nxe3 Nd2 26. Qxa4 Nxf1 27. Bxf1 Qc7 28. c4
Rd8 29. Nc2 dxe5 30. fxe5 Bh6 31. c5 Bd2 32. Bb5 Bc3 33. Qc4 Bd2 34. Kf2 Bg5 35.
Qa4 Be7 36. Ke3 Bg5+ 37. Ke2 h5 38. Qa6 Kg7 39. Qa3 Qb7 40. Qa6 Qg2+ 41. Kd3 Qd2+
42. Ke4 Qxc2+ 43. Kf3 Qd1+ 0-1

[Event "Druzynowe Mistrzostwa Polski Juniorow - Ekstraliga"]
[Site "Osrodek Wczasowo - Szkoleniowy "Relax" ul. Stroma 20, 43-450 Ustron"]
[Date "2011-06-27"]
[Round "4.29"]
[White "Adamowicz, Katarzyna"]
[Black "Leks, Maria"]
[Result "1/2-1/2"]
[WhiteTitle "WFM"]
[BlackTitle "WCM"]
[WhiteElo "2106"]
[BlackElo "2058"]

1. Nf3 d5 2. d4 Nf6 3. c4 c6 4. Nc3 dxc4 5. a4 Bf5 6. e3 e6 7. Bxc4 Bb4 8. O-O
Nbd7 9. h3 O-O 10. Nh4 a5 11. Nxf5 exf5 12. Qd3 Nb6 13. Bb3 Qd7 14. Bd2 Rfe8 15.
Ne2 Bd6 16. Nc3 Ne4 17. f3 Nc5 18. Qc2 Nxb3 19. Qxb3 Bc7 20. Rad1 Qd6 21. Ne2
Re6 22. Nf4 Rh6 23. Kf2 Nd5 24. Nxd5 cxd5 25. f4 g5 26. Rc1 gxf4 27. exf4 Bb6
28. Qd3 Qf6 29. Bc3 Re8 30. Rce1 Re4 31. Rxe4 fxe4 32. Qe3 Qh4+ 33. Kg1 Rg6 34.
Be1 Qf6 35. Bf2 Qg7 36. g3 Rc6 37. Rc1 Qf6 38. Rxc6 Qxc6 39. Qc3 Qxa4 40. Qc8+
Kg7 41. Qg4+ Kf8 42. Qc8+ Kg7 43. Qg4+ Kf8 44. Qc8+ Qe8 45. Qxb7 Qe6 46. Qb8+
Kg7 47. Qe5+ Qxe5 48. fxe5 f6 49. exf6+ Kxf6 50. Kf1 a4 51. Ke2 Ba5 52. Kd1 e3
53. Bxe3 Kf5 54. Ke2 Ke4 55. g4 Bc7 56. Bd2 Kxd4 57. Bc3+ Kc4 58. Bf6 d4 59. h4
Bf4 60. g5 Bc1 1/2-1/2

[Event "Druzynowe Mistrzostwa Polski Juniorow - Ekstraliga"]
[Site "Osrodek Wczasowo - Szkoleniowy "Relax" ul. Stroma 20, 43-450 Ustron"]
[Date "2011-06-27"]
[Round "4.30"]
[White "Pastuszko, Kinga"]
[Black "Czaplewska, Klara"]
[Result "1-0"]
[WhiteTitle "I++"]
[BlackTitle "I"]
[WhiteElo "1862"]
[BlackElo "1586"]

1. e4 e5 2. Nf3 Nc6 3. Nc3 Nf6 4. a3 d6 5. Bb5 Bd7 6. O-O Be7 7. d4 exd4 8. Nxd4
Nxd4 9. Qxd4 Bxb5 10. Nxb5 a6 11. Nc3 O-O 12. h3 c6 13. Be3 Nd7 14. Rad1 Qc7 15.
Bf4 Ne5 16. Ne2 Rad8 17. Ng3 Bf6 18. Kh1 Rfe8 19. Nf5 d5 20. exd5 Rxd5 21. Qb4
Qd7 22. Rxd5 Qxd5 23. Re1 c5 24. Qe4 Qxe4 25. Rxe4 Re6 26. Be3 Nd7 27. Rxe6 fxe6
28. Nd6 Bxb2 29. Nxb7 Bxa3 30. Kg1 Kf7 31. Kf1 Ke7 32. Ke2 Bb4 33. Kd3 e5 34.
c3 e4+ 35. Kc2 Ne5 36. cxb4 cxb4 37. Bc5+ Kd7 38. Bxb4 Nd3 39. Nc5+ Nxc5 40. Bxc5
Kc6 41. Bf8 g6 42. Kd2 Kd5 43. Ke3 Ke5 44. Bg7+ Kf5 45. Bc3 h5 46. h4 Kg4 47.
g3 Kf5 48. Be1 Ke5 49. Bd2 Kf5 50. Bc3 Kg4 51. Kxe4 Kh3 52. Kf4 Kg2 53. Bd4 1-0